Open Data Biblioteca Nacional de Portugal


República Portuguesa: Ministério da Cultura
Biblioteca Nacional de Portugal

Catálogo da BNP: acesso por Identificadores Unívocos
Registos Bibliográficos associados ao registo de autoridade

Etiqueta de registo: 00000nam 2200025 450
001 1914339
003 http://id.bnportugal.gov.pt/bib/catbnp/1914339
010 ## $a978-989-98515-1-1
021 ## $aPT$b395243/15
100 ## $a20151105d2015 k d0pory01030103ba
101 0# $apor$aeng
102 ## $aPT
105 ## $aa b 100yy
106 ## $ar
200 1# $aOlhar o passado construir o futuro$dLooking at the past to build the future$fXVIII Bienal - Art Biennial de Cerveira 2015$gcomis. Monse Cea... [et al.]$gcoord. Margarida Leão$gtrad. Teresa Cardoso$zeng
210 #9 $aVila Nova de Cerveira$cCâmara Municipal de Vila Nova de Cerveira,$d2015
215 ## $a383, [1] p.$cil.$d28 cm
305 ## $aEd. bilingue em português e inglês
510 1# $aLooking at the past to build the future$zeng
675 ## $a73/77(083.82)$vBN$zpor$3979172
675 ## $a061.4$vBN$zpor$3288771
702 #1 $aCea,$bMonse$4273$31625759
702 #1 $aLeão,$bMargarida$4340$363985
702 #1 $95$aCardoso,$bTeresa$4730$31820459
710 12 $aBienal - Art Biennial de Cerveira,$d18,$eVila Nova de Cerveira,$f2015$31625758
801 #0 $aPT$bBN$gRPC
856 41 $uhttp://rnod.bnportugal.gov.pt/ImagesBN/winlibimg.aspx?skey=&doc=1914339&img=68683&save=true
900 ## $aBIBNAC$d20151130
966 ## $lBN$mFGMON$sB.A. 39570 V.$x1
966 ## $lBN$mFGMON$sB.A. 39570 V.-D$x1

Etiqueta de registo: 00000nam 2200025 450
001 2080321
003 http://id.bnportugal.gov.pt/bib/catbnp/2080321
010 ## $a978-989-54749-6-7
021 ## $aPT$b486564/21
100 ## $a20210921d2021 m d0pory01030103ba
101 0# $apor
102 ## $aPT
105 ## $aa z 000yy
106 ## $ar
200 1# $aBienais Internacionais de arte de Cerveira, 2008-2020$eresiliências, crises e transformações$fHelena Mendes Pereira$gtranscrição Margarida Génio$gfot. Lauren Maganete, Patrick Esteves$gcolab. Ana Vale Costa, Teresa Cardoso
210 #9 $aVila Nova de Cerveira$cMunicípio de Vila Nova de Cerveira,$dD.L. 2021
215 ## $a511 p.$cil.$d30 cm
675 ## $a73/77"19/20"(469.111)"2008/2020"(042)$vBN$zpor$31824195
675 ## $a061.4(469.411)"2008/2020"(042)$vBN$zpor$31824196
700 #1 $aMendes,$bHelena Pereira,$f1985-$31639680
702 #1 $aGénio,$bMargarida$4070$31820456
702 #1 $aMaganete,$bLauren,$f1970-$4600$31640547
702 #1 $aEsteves,$bPatrick$4600$31555601
702 #1 $aCosta,$bAna Vale$4205$31555598
702 #1 $95$aCardoso,$bTeresa$4205$31820459
801 #0 $aPT$bBN$gRPC
856 41 $uhttp://rnod.bnportugal.gov.pt/ImagesBN/winlibimg.aspx?skey=&doc=2080321&img=156630&save=true
900 ## $aBIBNAC$d20211103
966 ## $lBN$mFGMON$sB.A. 46424 V.$x1
966 ## $lBN$mFGMON$sB.A. 46424 V.-D$x1
971 ## $clrevez$d20210921
972 ## $e0$d20211103$vmsebas
973 ## $cmmoinhos$d20211027

Etiqueta de registo: 00254nam 2200025 450
001 2288921
003 http://id.bnportugal.gov.pt/bib/catbnp/2288921
010 ## $a978-989-9240-45-2
021 ## $aPT$b559561/26
100 ## $a20260626d2026 m y0pora01030103ba
101 1# $apor
102 ## $aPT
105 ## $aa z 000yy
106 ## $ar
200 1# $aParte escrita.$erelatórios de bolseiro de Júlio Pomar e outros documentos.$hVol 4$fconceção, coord. Sara Antónia Matos$gtrad. Teresa Cardoso
205 ## $a1ª ed
210 #9 $aLisboa$cAtelier-Museu Júlio Pomar$cFundação Calouste Gulbenkian,$dcop. 2026
215 ## $a173, [1] p.$cil.$d21 cm
702 #1 $aMatos,$bSara Antónia,$f1978-$4340$31253962
702 #1 $95$aCardoso,$bTeresa$4730$31820459
801 #0 $aPT$bBN$gRPC
966 ## $lBN$mFGMON$x1
966 ## $lBN$mFGMON
971 ## $cjbeatriz$d20260626

OpendataBNP@bnportugal.pt | Mais informação sobre acesso aos dados BNP